header

Listening to the whispers (Record no. 3614)

MARC details
000 -LEADER
fixed length control field 02307nam a22003974a 4500
082 04 - DEWEY DECIMAL CLASSIFICATION NUMBER
Classification number 174.2
245 00 - TITLE STATEMENT
Title Listening to the whispers
260 ## - PUBLICATION, DISTRIBUTION, ETC. (IMPRINT)
Place of publication Madison, Wis. :
Name of publisher University of Wisconsin Press,
Year of publication c2006.
300 ## - PHYSICAL DESCRIPTION
Number of Pages xi, 330 p.
490 1# - SERIES STATEMENT
Series statement Interpretive studies in healthcare and the human sciences ;
505 0# - FORMATTED CONTENTS NOTE
Formatted contents note A whispered story / Nancy J. Moules -- Corporatization and the institutional aspects of morality in home care / Tobie H. Olsan -- Ethics of articulation: constituting organizational identity in a Catholic hospital system / Simon J. Craddock Lee -- Teleology, the modern moral dichotomy, and postmodern bioethics in the 21st century / John Paul Slosar -- Reflections of moral dilemmas and patterns of ethical decision making in five clinical physical therapists / Bruce H. Greenfield -- Beyond the individual: healthcare ethics in diverse societies / Kathryn H. Kavanagh -- An ethics of diversity: listening in thin places / Jeanne M. Sorrell and Christine S. Dinkins.
650 #0 - SUBJECT ADDED ENTRY--TOPICAL TERM
Topical Term Medical ethics.
Topical Term Clinical medicine
700 1# - ADDED ENTRY--PERSONAL NAME
Personal name Dinkins, Christine Sorrell.
Personal name Sorrell, Jeanne Merkle.
856 40 - ELECTRONIC LOCATION AND ACCESS
Uniform Resource Identifier http://site.ebrary.com/lib/rucke/Doc?id=10282782

No items available.

© 2026 Rongo University
Contact us: librarian | system librarian | Rongo university